Największe miasta w Chorwacji - Statystyki

Ogólne statystyki
  • Ten quiz został rozwiązany 149 razy
  • Średni wynik to 7 z 15
Statystyki odpowiedzi
LP Liczba ludności Miasta % Poprawnych
1. 792,900 Zagrzeb
99%
2. 178,100 Split
94%
5. 75.100 Zadar
82%
3. 128,600 Rijeka
79%
6. 59.100 Pula
68%
4. 108.000 Osijek
66%
10. 42.600 Dubrovnik
52%
8. 51.200 Szybenik
33%
9. 46.800 Karlovac
32%
12. 38.800 Varazdin
22%
7. 57.500 Slavonski Brod
15%
14. 33.300 Sisak
12%
11. 40.300 Bjelovar
8%
13. 36.700 Kastela
3%
15. 32.000 Vinkovci
3%
Nie znaleziono quizów pasujących do podanych kryteriów
Rozkład punktacji
Procent ludzi z każdym wynikiem
Percentyl według liczby udzielonych odpowiedzi
Twoja historia wyników
Nie rozwiązałeś tego quizu